00478nam a2200109Ia 4500008004100000050002300041100002600064245015700090260008600247300002000333521001500353140724s9999 xx 000 0 und d aBF 433b.L257 2013 aLandicho, Ma Cielo Q. aFactors affecting the lifestyle of selected regular employees working night shift in a Call Center at Alabang, Muntinlupa City /cMa. Cielo Q. Landicho. aLas Piñas, Philippines :bSouthville International School and Colleges,cc2013. a50 p. :c28 cm. aPsychology